Ignition of Fuel Slurries Based on Waste Products of Coal Processing and Oil Refining; Combustion, Explosion, and Shock Waves; Vol. 54, iss. 3

Bibliografiska uppgifter
Parent link:Combustion, Explosion, and Shock Waves.— , 1965-
Vol. 54, iss. 3.— 2018.— [P. 376–384]
Huvudupphovsman: Vershinina K. Yu. Kseniya Yurievna
Institutionell upphovsman: Национальный исследовательский Томский политехнический университет Исследовательская школа физики высокоэнергетических процессов
Övriga upphovsmän: Lyrshchikov S. Yu. Sergey Yurievich, Strizhak P. A. Pavel Alexandrovich
Sammanfattning:Title screen
Results of an experimental study of conditions and characteristics of ignition of fuel slurries prepared on the basis of typical waste products of coal washing and oil refining are reported. The main attention is paid to analyzing the differences in the characteristics and conditions of ignition of organic coal–water slurries prepared on the basis of coal washing waste products (nonbaking, coking, low-caking, fat, gas, and flame coals are considered). The ignition delay time and the minimum (threshold) temperature of ignition of the examined slurries are estimated. Conclusions on the influence of the properties and concentrations of the slurry components on the combustion initiation characteristics are formulated.
Режим доступа: по договору с организацией-держателем ресурса
Språk:engelska
Publicerad: 2018
Ämnen:
Länkar:https://doi.org/10.1134/S0010508218030164
Materialtyp: Elektronisk Bokavsnitt
KOHA link:https://koha.lib.tpu.ru/cgi-bin/koha/opac-detail.pl?biblionumber=658430

MARC

LEADER 00000naa0a2200000 4500
001 658430
005 20250205153956.0
035 |a (RuTPU)RU\TPU\network\26199 
090 |a 658430 
100 |a 20181012d2018 k||y0rusy50 ba 
101 0 |a eng 
102 |a US 
135 |a drcn ---uucaa 
181 0 |a i  
182 0 |a b 
200 1 |a Ignition of Fuel Slurries Based on Waste Products of Coal Processing and Oil Refining  |f K. Yu. Vershinina, S. Yu. Lyrshchikov, P. A. Strizhak 
203 |a Text  |c electronic 
300 |a Title screen 
320 |a [References: 25 tit.] 
330 |a Results of an experimental study of conditions and characteristics of ignition of fuel slurries prepared on the basis of typical waste products of coal washing and oil refining are reported. The main attention is paid to analyzing the differences in the characteristics and conditions of ignition of organic coal–water slurries prepared on the basis of coal washing waste products (nonbaking, coking, low-caking, fat, gas, and flame coals are considered). The ignition delay time and the minimum (threshold) temperature of ignition of the examined slurries are estimated. Conclusions on the influence of the properties and concentrations of the slurry components on the combustion initiation characteristics are formulated. 
333 |a Режим доступа: по договору с организацией-держателем ресурса 
461 |t Combustion, Explosion, and Shock Waves  |d 1965- 
463 |t Vol. 54, iss. 3  |v [P. 376–384]  |d 2018 
610 1 |a электронный ресурс 
610 1 |a труды учёных ТПУ 
610 1 |a органоводоугольные топлива 
610 1 |a отходы 
610 1 |a отработанные масла 
610 1 |a зажигание 
700 1 |a Vershinina  |b K. Yu.  |c specialist in the field of heat and power engineering  |c Associate Professor of Tomsk Polytechnic University, Candidate of Physical and Mathematical Sciences  |f 1992-  |g Kseniya Yurievna  |3 (RuTPU)RU\TPU\pers\33706  |9 17337 
701 1 |a Lyrshchikov  |b S. Yu.  |c chemist  |c senior researcher of Tomsk Polytechnic University, candidate of chemical sciences  |f 1980-  |g Sergey Yurievich  |3 (RuTPU)RU\TPU\pers\36441 
701 1 |a Strizhak  |b P. A.  |c Specialist in the field of heat power energy  |c Doctor of Physical and Mathematical Sciences (DSc), Professor of Tomsk Polytechnic University (TPU)  |f 1985-  |g Pavel Alexandrovich  |3 (RuTPU)RU\TPU\pers\30871  |9 15117 
712 0 2 |a Национальный исследовательский Томский политехнический университет  |b Исследовательская школа физики высокоэнергетических процессов  |c (2017- )  |3 (RuTPU)RU\TPU\col\23551 
801 2 |a RU  |b 63413507  |c 20181012  |g RCR 
856 4 |u https://doi.org/10.1134/S0010508218030164 
942 |c CF